[Event "High League 2019 m"]
[Site "Yaroslavl"]
[Date "2019.06.27"]
[Round "1.1"]
[White "Iljiushenok, Ilia"]
[Black "Fedoseev, Vladimir"]
[Result "1-0"]
[WhiteElo "2549"]
[BlackElo "2680"]
[PlyCount "43"]
[EventDate "2019.??.??"]

1. e4 c5 2. Nf3 d6 3. d4 cxd4 4. Nxd4 Nf6 5. Nc3 a6 6. Bg5 Nbd7 7. Bc4 Qb6 8.
Bb3 e6 9. O-O h6 10. Be3 Nc5 11. f4 Qc7 12. Qf3 b5 13. e5 Bb7 14. Qg3 dxe5 15.
fxe5 Nfe4 16. Nxe4 Bxe4 17. a4 b4 18. Bc4 g5 19. Qf2 Bg6 20. Nb5 Qc6 21. Qf6
Rg8 22. Bd5 1-0

[Event "High League 2019 m"]
[Site "Yaroslavl"]
[Date "2019.06.27"]
[Round "1.2"]
[White "Najer, Evgeniy"]
[Black "Lomasov, Semyon"]
[Result "1/2-1/2"]
[WhiteElo "2678"]
[BlackElo "2542"]
[PlyCount "67"]
[EventDate "2019.??.??"]

1. e4 e6 2. d4 d5 3. exd5 exd5 4. Nf3 Bd6 5. c4 Nf6 6. Nc3 O-O 7. cxd5 Nbd7 8.
Bg5 Nb6 9. Be2 Be7 10. Bxf6 Bxf6 11. Qb3 a5 12. a4 Bf5 13. O-O Qe7 14. Rac1
Rac8 15. Rfd1 Qb4 16. Qa2 Rfd8 17. h3 c6 18. dxc6 bxc6 19. Ba6 Rb8 20. Ne5 Bxe5
21. dxe5 Rxd1+ 22. Rxd1 Bc2 23. Rd6 Nxa4 24. Nxa4 Bxa4 25. Qa1 g6 26. Qc1 Qxb2
27. Rd8+ Kg7 28. Qg5 Qa1+ 29. Kh2 Rxd8 30. Qf6+ Kh6 31. Qh4+ Kg7 32. Qf6+ Kh6
33. Qh4+ Kg7 34. Qf6+ 1/2-1/2

[Event "High League 2019 m"]
[Site "Yaroslavl"]
[Date "2019.06.27"]
[Round "1.4"]
[White "Dreev, Aleksey"]
[Black "Belozerov, Andrei"]
[Result "1-0"]
[WhiteElo "2657"]
[BlackElo "2533"]
[PlyCount "131"]
[EventDate "2019.??.??"]

1. d4 d5 2. Nf3 Nf6 3. c4 c6 4. g3 Bg4 5. Ne5 Bf5 6. cxd5 cxd5 7. Nc3 Nc6 8.
Nxc6 bxc6 9. Bg2 e6 10. O-O Be7 11. Be3 O-O 12. Rc1 Qa5 13. Na4 Rfc8 14. Bd2
Qb5 15. Re1 Ne4 16. Be3 Bb4 17. Rf1 h6 18. Bf4 Bg6 19. Bf3 Bh7 20. h4 Be7 21.
Be3 Rab8 22. Bf4 Ra8 23. Be5 f6 24. Bf4 Rd8 25. Bg4 Kf7 26. h5 Bd6 27. Bxd6
Rxd6 28. e3 Re8 29. Be2 Qb8 30. Bd3 e5 31. Kg2 exd4 32. exd4 Rde6 33. Nc5 R6e7
34. Qb3 Kg8 35. Qxb8 Rxb8 36. Nb3 Bf5 37. Rfe1 Rbe8 38. Re3 Bh3+ 39. Kg1 Ng5
40. Rxe7 Nf3+ 41. Kh1 Rxe7 42. Na5 Bd7 43. Nxc6 Re1+ 44. Rxe1 Nxe1 45. Bb5 a6
46. Ba4 Nd3 47. b3 Nxf2+ 48. Kg2 Ne4 49. Ne7+ Kf7 50. Nxd5 Bg4 51. Bc6 Nd2 52.
Nf4 a5 53. a3 Ke7 54. b4 axb4 55. axb4 Kd6 56. Ba4 Ne4 57. Bb3 Nc3 58. Bc4 Nd1
59. Be2 Bxe2 60. Nxe2 Kc6 61. Kf3 Kb5 62. d5 Nb2 63. Nd4+ Kxb4 64. d6 Nc4 65.
Nc6+ Kc5 66. d7 1-0

[Event "High League 2019 m"]
[Site "Yaroslavl"]
[Date "2019.06.27"]
[Round "1.5"]
[White "Khanin, Semen"]
[Black "Motylev, Alexander"]
[Result "1/2-1/2"]
[WhiteElo "2529"]
[BlackElo "2654"]
[PlyCount "78"]
[EventDate "2019.??.??"]

1. e4 e5 2. Nf3 Nc6 3. Bc4 Nf6 4. d3 h6 5. O-O d6 6. c3 g5 7. Nbd2 Bg7 8. Bb3
O-O 9. Nc4 Be6 10. h4 gxh4 11. Ne3 d5 12. Nxh4 dxe4 13. dxe4 Nxe4 14. Bxe6 fxe6
15. Qg4 Ng5 16. Nc4 Qf6 17. Be3 e4 18. f3 exf3 19. Nxf3 Qf5 20. Qxf5 exf5 21.
Nxg5 hxg5 22. Bxg5 Rae8 23. Rae1 Ne5 24. Nxe5 Bxe5 25. Bf4 Bxf4 26. Rxe8 Rxe8
27. Rxf4 Re2 28. Rf2 Re1+ 29. Kh2 Ra1 30. b3 Kg7 31. Rxf5 Rxa2 32. Rc5 c6 33.
b4 Kf6 34. Kg3 Rd2 35. Kf3 Rd1 36. g4 Rf1+ 37. Ke4 Re1+ 38. Kf4 Rf1+ 39. Ke4
Re1+ 1/2-1/2

[Event "High League 2019 m"]
[Site "Yaroslavl"]
[Date "2019.06.27"]
[Round "1.6"]
[White "Alekseenko, Kirill"]
[Black "Triapishko, Alexandr"]
[Result "0-1"]
[WhiteElo "2650"]
[BlackElo "2512"]
[PlyCount "82"]
[EventDate "2019.??.??"]

1. e4 c6 2. d4 d5 3. e5 Bf5 4. Nf3 e6 5. Be2 Ne7 6. O-O c5 7. Na3 Nec6 8. c4
cxd4 9. Nb5 dxc4 10. Bg5 Qd7 11. Nfxd4 Bd3 12. Bxd3 cxd3 13. Qa4 h6 14. Be3
Nxd4 15. Bxd4 Nc6 16. Bc3 a6 17. Rad1 O-O-O 18. Nd6+ Bxd6 19. exd6 Qxd6 20.
Bxg7 Rhg8 21. Bxh6 Rg6 22. Be3 Qd5 23. f3 f5 24. h4 e5 25. Bg5 Qd4+ 26. Qxd4
Rxd4 27. Kf2 Kd7 28. Rd2 Ke6 29. Rfd1 e4 30. fxe4 fxe4 31. Ke3 Rxg5 32. hxg5
Ke5 33. Rf2 Ne7 34. Rf8 Nd5+ 35. Kf2 e3+ 36. Ke1 Nb4 37. Re8+ Kf4 38. Rb1 Nc2+
39. Kd1 Kxg5 40. g3 Rd7 41. Rc1 Rf7 0-1

[Event "High League 2019 m"]
[Site "Yaroslavl"]
[Date "2019.06.27"]
[Round "1.8"]
[White "Alekseev, Evgeny"]
[Black "Drygalov, Andrey"]
[Result "1/2-1/2"]
[WhiteElo "2645"]
[BlackElo "2494"]
[PlyCount "79"]
[EventDate "2019.??.??"]

1. c4 e5 2. Nc3 Nf6 3. Nf3 Nc6 4. d3 g6 5. e3 Bg7 6. Be2 d5 7. cxd5 Nxd5 8. O-O
O-O 9. Bd2 b6 10. a3 Bb7 11. Rc1 Nce7 12. b4 Rc8 13. Re1 Nxc3 14. Bxc3 c5 15.
e4 Nc6 16. bxc5 bxc5 17. Qa4 Qd6 18. Nd2 Rc7 19. Nc4 Qd7 20. Rb1 Nd4 21. Qxd7
Nxe2+ 22. Rxe2 Rxd7 23. Nxe5 Bxe5 24. Bxe5 Rxd3 25. f3 Ba6 26. Rc2 c4 27. Bc3
Rc8 28. Kf2 Kf8 29. Rb4 Ke7 30. Ra4 Rc6 31. Ra5 Kd7 32. Kg3 f6 33. Bb4 Ke6 34.
h4 h5 35. Kf4 Rd7 36. Bc3 Kf7 37. Bb4 Ke6 38. Bc3 Kf7 39. Bb4 Ke6 40. Bc3
1/2-1/2

[Event "High League 2019 m"]
[Site "Yaroslavl"]
[Date "2019.06.27"]
[Round "1.9"]
[White "Drygalov, Sergey"]
[Black "Zvjaginsev, Vadim"]
[Result "1/2-1/2"]
[WhiteElo "2492"]
[BlackElo "2644"]
[PlyCount "149"]
[EventDate "2019.??.??"]

1. d4 d5 2. Nf3 e6 3. c4 a6 4. Bg5 Be7 5. Bxe7 Qxe7 6. Nbd2 Nf6 7. g3 O-O 8.
Bg2 c5 9. cxd5 exd5 10. dxc5 Qxc5 11. Rc1 Qa5 12. O-O Nc6 13. Qc2 Re8 14. e3
Bg4 15. Nb3 Qa4 16. Nbd4 Qxc2 17. Rxc2 Bxf3 18. Nxf3 Nb4 19. Rc7 Nxa2 20. Ra1
Nb4 21. Rxb7 Rab8 22. Rxb8 Rxb8 23. Bf1 g6 24. Nd4 Ne4 25. Rc1 Rb6 26. Be2 Ng5
27. h4 Ne6 28. Nxe6 Rxe6 29. Kf1 Rb6 30. Rc7 Kf8 31. h5 g5 32. b3 h6 33. Ke1
Nc6 34. Bf3 Ne7 35. Bd1 Ng8 36. g4 Nf6 37. f3 Rd6 38. Kd2 d4 39. exd4 Rxd4+ 40.
Ke1 Rd6 41. Be2 Nd5 42. Ra7 Nb4 43. Bc4 Rf6 44. Kf2 Kg7 45. Rb7 Nc6 46. Bd5 Ne5
47. Ke3 Kf8 48. Ra7 Ke8 49. b4 Rb6 50. Kd4 f6 51. Rb7 Rd6 52. Kc5 Rd8 53. Be4
Nd3+ 54. Kc6 Rd4 55. Rh7 Ne5+ 56. Kc5 Rc4+ 57. Kd5 Rxb4 58. Rxh6 Rb5+ 59. Ke6
Rb6+ 60. Kf5 Kf7 61. Rh7+ Kg8 62. Rc7 Rd6 63. Rc5 Kg7 64. Rc7+ Rd7 65. Rc8 Nf7
66. Ke6 Ra7 67. Bg6 Nh6 68. Rc4 a5 69. Ra4 Ra6+ 70. Kd5 f5 71. gxf5 Kf6 72. Kc5
Nxf5 73. Kb5 Ra8 74. Kb6 Rb8+ 75. Kc6 1/2-1/2

[Event "High League 2019 m"]
[Site "Yaroslavl"]
[Date "2019.06.27"]
[Round "1.10"]
[White "Sarana, Alexey"]
[Black "Nozdrachev, Vladislav"]
[Result "1/2-1/2"]
[WhiteElo "2641"]
[BlackElo "2481"]
[PlyCount "53"]
[EventDate "2019.??.??"]

1. d4 Nf6 2. c4 e6 3. Nf3 d5 4. Nc3 c5 5. cxd5 Nxd5 6. e3 Nc6 7. Bd3 Be7 8. O-O
O-O 9. Be4 Nf6 10. dxc5 Bxc5 11. Bxc6 bxc6 12. Qc2 Nd5 13. Nxd5 Qxd5 14. Rd1
Qh5 15. b3 Bb7 16. Rd7 Bc8 17. Rd2 Bb4 18. Rd1 c5 19. Bb2 Bb7 20. Ne5 f6 21.
Nc4 Bxg2 22. Kxg2 Qg4+ 23. Kf1 Qh3+ 24. Ke2 Qg4+ 25. Kf1 Qh3+ 26. Ke2 Qg4+ 27.
Kf1 1/2-1/2

[Event "High League 2019 m"]
[Site "Yaroslavl"]
[Date "2019.06.27"]
[Round "1.11"]
[White "Yanchenko, Roman"]
[Black "Chigaev, Maksim"]
[Result "0-1"]
[WhiteElo "2478"]
[BlackElo "2640"]
[PlyCount "214"]
[EventDate "2019.??.??"]

1. d4 Nf6 2. Nf3 g6 3. g3 Bg7 4. Bg2 O-O 5. O-O Nc6 6. c4 d5 7. e3 dxc4 8. Na3
Be6 9. Ng5 Bg4 10. f3 Bd7 11. Nxc4 h6 12. Ne4 Nxe4 13. fxe4 b5 14. Nd2 e5 15.
Nb3 a5 16. d5 Ne7 17. Bd2 b4 18. a3 Bb5 19. Rf2 a4 20. Nc5 b3 21. Bb4 Ra7 22.
Bh3 Nc8 23. Ne6 fxe6 24. Bxf8 Bxf8 25. Qg4 Kh8 26. Bf1 Bxf1 27. Raxf1 Bg7 28.
Qxg6 Nd6 29. dxe6 Ra8 30. h4 Qe8 31. Rf8+ Bxf8 32. Rf7 Qxf7 33. exf7 Bg7 34.
Qe6 Rf8 35. Qd7 Rxf7 36. Qxa4 Rf3 37. Qxb3 Rxg3+ 38. Kh2 Rg4 39. Qb8+ Kh7 40.
Qxc7 Nxe4 41. a4 Rxh4+ 42. Kg2 Rg4+ 43. Kf3 h5 44. a5 Ng5+ 45. Kf2 h4 46. Qc2+
e4 47. Qc8 Nh3+ 48. Ke1 Rg1+ 49. Kd2 Ng5 50. Qf5+ Kh6 51. a6 h3 52. Qf4 Rg2+
53. Kd1 h2 54. Qh4+ Kg6 55. a7 Rg1+ 56. Ke2 h1=Q 57. Qxh1 Rxh1 58. a8=Q Rh2+
59. Kf1 Rxb2 60. Qe8+ Kh6 61. Qc6+ Kh5 62. Qc7 Bh6 63. Qe5 Rb7 64. Ke2 Rf7 65.
Qh2+ Kg6 66. Qd6+ Rf6 67. Qd5 Bg7 68. Qb5 Kh6 69. Qb7 Rf3 70. Qc6+ Kh5 71. Qa8
Bf6 72. Qb7 Kg4 73. Qb1 Rg3 74. Qb6 Bb2 75. Qb8 Kh3 76. Qc8+ Kh2 77. Qc7 Bc1
78. Kf2 Bxe3+ 79. Kf1 Kh3 80. Qc6 Bf4 81. Qd7+ Kh2 82. Qf5 Rf3+ 83. Ke2 Kg3 84.
Qg6 Rf2+ 85. Ke1 Rc2 86. Kd1 Rd2+ 87. Ke1 Kf3 88. Qb6 Kg4 89. Kf1 Rd6 90. Qg1+
Kf5 91. Qc5+ Be5 92. Ke2 Ne6 93. Qa5 Nf4+ 94. Kf2 Rd3 95. Qb5 Rd5 96. Qc6 Rd2+
97. Ke1 Rd8 98. Qc2 Rh8 99. Qa4 Nd3+ 100. Kf1 Kf4 101. Qa7 Kf3 102. Kg1 Rb8
103. Qf7+ Nf4 104. Qa2 Ne2+ 105. Kf1 Ng3+ 106. Ke1 Bc3+ 107. Kd1 Rd8+ 0-1

[Event "High League 2019 m"]
[Site "Yaroslavl"]
[Date "2019.06.27"]
[Round "1.12"]
[White "Predke, Alexandr"]
[Black "Airapetian, Gor"]
[Result "1-0"]
[WhiteElo "2632"]
[BlackElo "2442"]
[PlyCount "109"]
[EventDate "2019.??.??"]

1. e4 e6 2. d4 d5 3. Nd2 c5 4. exd5 Qxd5 5. dxc5 Bxc5 6. Ngf3 Nf6 7. Bc4 Qc6 8.
Qe2 Nbd7 9. O-O O-O 10. Nb3 b6 11. Nxc5 Qxc5 12. Be3 Qc7 13. Rad1 Bb7 14. Rd4
Ne5 15. Nxe5 Qxe5 16. Rfd1 Rac8 17. c3 Nd5 18. Bc1 Qxe2 19. Bxe2 Rfe8 20. f3 h6
21. Kf2 Bc6 22. c4 Nf6 23. Be3 Re7 24. b4 Rd7 25. b5 Rxd4 26. Bxd4 Be8 27. a4
Nd7 28. a5 e5 29. Be3 Kf8 30. Bd2 Ke7 31. Bb4+ Nc5 32. f4 exf4 33. Bg4 Rc7 34.
a6 f6 35. Bf3 Bf7 36. Rd4 g5 37. Bc6 Be6 38. Re4 Rxc6 39. bxc6 Kd6 40. c7 Bc8
41. h4 Bxa6 42. h5 Kd7 43. Rd4+ Kxc7 44. Bxc5 bxc5 45. Rd5 Kc6 46. Rf5 Bxc4 47.
Rxf6+ Kb5 48. Rxh6 a5 49. Rg6 Bd3 50. Ke1 Kb4 51. Kd2 Be4 52. Re6 Bf5 53. Re5
Bb1 54. Re7 Bf5 55. h6 1-0

[Event "High League 2019 m"]
[Site "Yaroslavl"]
[Date "2019.06.27"]
[Round "1.13"]
[White "Mirzaev, Aziz"]
[Black "Lysyj, Igor"]
[Result "1/2-1/2"]
[WhiteElo "2433"]
[BlackElo "2623"]
[PlyCount "68"]
[EventDate "2019.??.??"]

1. d4 Nf6 2. c4 e6 3. Nf3 b6 4. g3 Bb7 5. Bg2 Bb4+ 6. Bd2 Be7 7. Nc3 c6 8. Ne5
d6 9. Nd3 d5 10. Ne5 Nfd7 11. Nxd7 Qxd7 12. Qa4 dxc4 13. Qxc4 Ba6 14. Qa4 b5
15. Qa5 b4 16. Na4 Bb5 17. Be3 Na6 18. Nc5 Bxc5 19. dxc5 O-O 20. Rd1 Qe7 21. a3
bxa3 22. bxa3 Rfd8 23. Rxd8+ Qxd8 24. Qxd8+ Rxd8 25. f4 Nc7 26. Kf2 Kf8 27. a4
Bxa4 28. Ra1 Bb5 29. Rxa7 Nd5 30. Bd2 Bc4 31. Ra4 Bb5 32. Ra7 Bc4 33. Ra4 Bb5
34. Ra7 Bc4 1/2-1/2

[Event "High League 2019 m"]
[Site "Yaroslavl"]
[Date "2019.06.27"]
[Round "1.14"]
[White "Grachev, Boris"]
[Black "Kardashevskiy, Evgeny"]
[Result "1-0"]
[WhiteElo "2621"]
[BlackElo "2429"]
[PlyCount "77"]
[EventDate "2019.??.??"]

1. Nf3 Nf6 2. c4 e6 3. b3 d5 4. Bb2 Be7 5. e3 O-O 6. Nc3 c5 7. cxd5 exd5 8. d4
Nc6 9. Be2 Ne4 10. dxc5 Bf6 11. Nd4 Qa5 12. Rc1 Nxc5 13. Nxc6 bxc6 14. Qd2 Bb7
15. Na4 Qxd2+ 16. Kxd2 Nxa4 17. Bxf6 gxf6 18. bxa4 Rfd8 19. Rc5 d4 20. e4 Bc8
21. Rb1 Be6 22. Bc4 Rab8 23. Rb3 Bxc4 24. Rxc4 f5 25. exf5 Rxb3 26. axb3 Rd5
27. Rxc6 Rxf5 28. f3 Rh5 29. h3 Rg5 30. g4 Re5 31. Ra6 Re3 32. b4 Rxf3 33. Rxa7
Rxh3 34. a5 Rg3 35. b5 Rxg4 36. b6 Rg2+ 37. Kd3 Rb2 38. b7 Kg7 39. a6 1-0

[Event "High League 2019 m"]
[Site "Yaroslavl"]
[Date "2019.06.27"]
[Round "1.16"]
[White "Rakhmanov, Aleksandr"]
[Black "Nesterov, Arseniy"]
[Result "1/2-1/2"]
[WhiteElo "2615"]
[BlackElo "2423"]
[PlyCount "82"]
[EventDate "2019.??.??"]

1. d4 Nf6 2. Nf3 e6 3. e3 b6 4. Bd3 Bb7 5. O-O Be7 6. b3 O-O 7. Bb2 c5 8. dxc5
bxc5 9. Nbd2 d5 10. Ne5 Nc6 11. f4 Nxe5 12. Bxe5 g6 13. Qe2 Nd7 14. Bb2 Bf6 15.
Bxf6 Nxf6 16. Nf3 Qd6 17. Rad1 a5 18. Qe1 a4 19. Qh4 Kg7 20. Ne5 axb3 21. axb3
Nd7 22. Qg3 Qc7 23. Nxd7 Qxd7 24. h4 Qe7 25. h5 Ra2 26. Rd2 Rc8 27. Rdf2 f5 28.
c4 Rca8 29. cxd5 Bxd5 30. Bc4 Bxc4 31. bxc4 Qf6 32. Kh2 Ra1 33. Rxa1 Rxa1 34.
Rd2 Qe7 35. e4 Rc1 36. exf5 exf5 37. Rd5 Rxc4 38. hxg6 hxg6 39. Rxf5 Qe4 40.
Rg5 Qxf4 41. Rxg6+ Kf7 1/2-1/2

[Event "High League 2019 m"]
[Site "Yaroslavl"]
[Date "2019.06.27"]
[Round "1.17"]
[White "Murzin, Volodar"]
[Black "Shimanov, Aleksandr"]
[Result "1/2-1/2"]
[WhiteElo "2418"]
[BlackElo "2615"]
[PlyCount "80"]
[EventDate "2019.??.??"]

1. e4 e5 2. Nf3 Nc6 3. Bb5 Nf6 4. O-O Nxe4 5. Re1 Nd6 6. Nxe5 Be7 7. Bf1 Nf5 8.
Nf3 O-O 9. d4 d5 10. c3 Bd6 11. b3 Nh4 12. Nxh4 Qxh4 13. g3 Qf6 14. Na3 a6 15.
Nc2 Be6 16. Ne3 Qd8 17. Bg2 Ne7 18. Ng4 c6 19. Ne5 Re8 20. Bf4 Ng6 21. Nxg6
hxg6 22. Qd2 Bxf4 23. Qxf4 g5 24. Qd2 f6 25. Re3 Qd7 26. Rae1 Bf7 27. Bf1 Rxe3
28. Rxe3 Re8 29. Bd3 Rxe3 30. Qxe3 Qe6 31. Qxe6 Bxe6 32. f3 Kf7 33. Kf2 Ke7 34.
b4 f5 35. h3 Kf6 36. g4 f4 37. Ke2 b5 38. a3 Bf7 39. Kd2 Bg6 40. Bxg6 Kxg6
1/2-1/2

[Event "High League 2019 m"]
[Site "Yaroslavl"]
[Date "2019.06.27"]
[Round "1.18"]
[White "Esipenko, Andrey"]
[Black "Vlasenko, Miroslav"]
[Result "1-0"]
[WhiteElo "2611"]
[BlackElo "2417"]
[PlyCount "83"]
[EventDate "2019.??.??"]

1. e4 c6 2. d4 d5 3. exd5 cxd5 4. Bd3 Nc6 5. c3 Nf6 6. h3 g6 7. Bf4 Bf5 8. Be2
Bg7 9. Nf3 O-O 10. O-O Qb6 11. Qb3 Na5 12. Qxb6 axb6 13. Nbd2 Rfc8 14. Rfe1 Bd7
15. Bd3 e6 16. Ne5 Be8 17. a3 b5 18. g4 Nc4 19. Rab1 Nd7 20. Nxd7 Bxd7 21. Nf3
f6 22. Re2 g5 23. Bg3 Bf8 24. Kg2 h6 25. Nh2 Kf7 26. f4 Nd6 27. Nf3 Re8 28. Rf1
Kg7 29. h4 gxh4 30. Bxh4 Bc6 31. g5 hxg5 32. fxg5 f5 33. Bg3 Ne4 34. Be5+ Kf7
35. Rh1 Bg7 36. g6+ Kxg6 37. Kf1 Bxe5 38. Nxe5+ Kf6 39. Rg2 Rh8 40. Rg6+ Ke7
41. Rg7+ Kf6 42. Rhg1 1-0

[Event "High League 2019 m"]
[Site "Yaroslavl"]
[Date "2019.06.27"]
[Round "1.19"]
[White "Sadovsky, Artem"]
[Black "Petrov, Nikita"]
[Result "0-1"]
[WhiteElo "2416"]
[BlackElo "2610"]
[PlyCount "34"]
[EventDate "2019.??.??"]

1. c4 e5 2. g3 c6 3. d4 e4 4. d5 Bb4+ 5. Bd2 Qe7 6. Bxb4 Qxb4+ 7. Nc3 Nf6 8.
Qd4 O-O 9. O-O-O d6 10. h3 Nbd7 11. dxc6 bxc6 12. Qxd6 Nc5 13. a3 Qa5 14. Kc2
e3 15. b4 Bf5+ 16. Kb2 Rab8 17. Nb5 Qa4 0-1

[Event "High League 2019 m"]
[Site "Yaroslavl"]
[Date "2019.06.27"]
[Round "1.20"]
[White "Kokarev, Dmitry"]
[Black "Salemgareev, Tagir"]
[Result "1/2-1/2"]
[WhiteElo "2609"]
[BlackElo "2412"]
[PlyCount "112"]
[EventDate "2019.??.??"]

1. e4 e5 2. Nf3 Nc6 3. Bb5 g6 4. d4 exd4 5. Bg5 Be7 6. Bxe7 Qxe7 7. Bxc6 dxc6
8. Qxd4 Nf6 9. Nc3 Bg4 10. Nd2 c5 11. Qe3 O-O-O 12. f3 Be6 13. O-O-O b6 14.
Rhe1 h5 15. Nf1 Nd7 16. Qe2 Kb7 17. Ne3 Rhe8 18. f4 f6 19. Qf3 Kb8 20. Re2 Nf8
21. Rxd8+ Rxd8 22. f5 gxf5 23. exf5 Bf7 24. Nf1 Qd7 25. Rd2 Qc8 26. Nd5 Bxd5
27. Rxd5 Rxd5 28. Qxd5 Qe8 29. Kd2 Nd7 30. Ng3 Ne5 31. Ne4 Qf8 32. Kc3 Ng4 33.
h3 Ne3 34. Qd7 Nxg2 35. Qd2 Qg8 36. b3 Nh4 37. Nxf6 Qg3+ 38. Kb2 Qe5+ 39. Qc3
Qxf5 40. Ne8 Nf3 41. Qg7 Qe5+ 42. Qxe5 Nxe5 43. h4 Ng4 44. Ng7 Nf6 45. Kc3 Kc8
46. Kd3 Kd7 47. Ke3 Ke7 48. Kf4 Kf7 49. Nf5 Nd5+ 50. Kg5 Nb4 51. Kxh5 Kf6 52.
Ne3 Nxa2 53. Nd5+ Kf5 54. Ne3+ Kf6 55. Nd5+ Kf5 56. Ne3+ Ke5 1/2-1/2

[Event "High League 2019 m"]
[Site "Yaroslavl"]
[Date "2019.06.27"]
[Round "1.22"]
[White "Timofeev, Artyom"]
[Black "Bykov, Oleg"]
[Result "1-0"]
[WhiteElo "2608"]
[BlackElo "2401"]
[PlyCount "75"]
[EventDate "2019.??.??"]

1. e4 c5 2. Nf3 Nc6 3. d4 cxd4 4. Nxd4 Nf6 5. Nc3 e5 6. Ndb5 d6 7. Bg5 a6 8.
Na3 b5 9. Nd5 Be7 10. Bxf6 Bxf6 11. c4 b4 12. Nc2 Rb8 13. Qd3 O-O 14. Be2 Be6
15. O-O Bg5 16. Rad1 g6 17. b3 a5 18. g3 Bh3 19. Rfe1 f5 20. Bf3 Qd7 21. exf5
Bxf5 22. Be4 Qf7 23. Bxf5 gxf5 24. f4 Bh6 25. Kh1 e4 26. Qe2 Bg7 27. Nde3 Qe6
28. Rd5 Ne7 29. Rxa5 Ra8 30. Ra4 Rxa4 31. bxa4 d5 32. Rd1 dxc4 33. Qxc4 Qxc4
34. Nxc4 Rb8 35. a5 Nc6 36. Rd6 Na7 37. N2e3 Nb5 38. Rb6 1-0

[Event "High League 2019 m"]
[Site "Yaroslavl"]
[Date "2019.06.28"]
[Round "2.1"]
[White "Popov, Ivan"]
[Black "Dreev, Aleksey"]
[Result "1/2-1/2"]
[WhiteElo "2599"]
[BlackElo "2657"]
[PlyCount "42"]
[EventDate "2019.??.??"]

1. e4 c6 2. d4 d5 3. Nc3 dxe4 4. Nxe4 Bf5 5. Ng3 Bg6 6. Nh3 Nd7 7. Bc4 e6 8.
Nf4 Bd6 9. Nxg6 hxg6 10. Ne4 Be7 11. c3 Ngf6 12. Ng5 Nh7 13. Nf3 Ng5 14. Bf4
Nxf3+ 15. Qxf3 Nb6 16. Bb3 Nd5 17. Be5 Bf6 18. Bg3 Bh4 19. Be5 Bf6 20. Bg3 Bh4
21. Be5 Bf6 1/2-1/2

[Event "High League 2019 m"]
[Site "Yaroslavl"]
[Date "2019.06.28"]
[Round "2.2"]
[White "Chigaev, Maksim"]
[Black "Rozum, Ivan"]
[Result "1/2-1/2"]
[WhiteElo "2640"]
[BlackElo "2572"]
[PlyCount "87"]
[EventDate "2019.??.??"]

1. e4 c6 2. d4 d5 3. e5 Bf5 4. h4 h5 5. Bd3 Bxd3 6. Qxd3 Qa5+ 7. Nd2 e6 8. Ngf3
Qa6 9. c4 Nh6 10. O-O Nf5 11. b3 Be7 12. a4 Nd7 13. Ba3 Bxa3 14. Rxa3 c5 15.
dxc5 Nxc5 16. Qb1 dxc4 17. b4 c3 18. b5 Qa5 19. Nc4 Qc7 20. Rxc3 O-O 21. Ne3
Nxe3 22. Rxe3 g6 23. Rc1 b6 24. Ng5 Rad8 25. Ne4 Rd4 26. a5 Qd8 27. Nf6+ Kg7
28. axb6 axb6 29. g3 Rd3 30. Rce1 Qd4 31. Qc1 Ra8 32. Rf1 Rxe3 33. Qxe3 Qxe3
34. fxe3 Nd3 35. Nd7 Ra3 36. Rb1 Ra2 37. Nxb6 Nxe5 38. Rb4 Re2 39. Rb3 Rd2 40.
Kf1 f5 41. Na4 Nf3 42. Rb2 Nh2+ 43. Ke1 Nf3+ 44. Kf1 1/2-1/2

[Event "High League 2019 m"]
[Site "Yaroslavl"]
[Date "2019.06.28"]
[Round "2.3"]
[White "Romanov, Evgeny"]
[Black "Predke, Alexandr"]
[Result "0-1"]
[WhiteElo "2577"]
[BlackElo "2632"]
[PlyCount "112"]
[EventDate "2019.??.??"]

1. d4 Nf6 2. c4 e6 3. Nf3 b6 4. e3 Bb7 5. Nc3 Bb4 6. Bd3 c5 7. O-O O-O 8. Na4
cxd4 9. exd4 Re8 10. a3 Bf8 11. b4 d6 12. Re1 Nbd7 13. Bb2 g6 14. Nc3 a6 15.
Bf1 Bg7 16. Nd2 d5 17. c5 bxc5 18. bxc5 e5 19. dxe5 Nxe5 20. Na4 Qc7 21. h3 Ne4
22. Nxe4 dxe4 23. Qd6 Qa5 24. Nc3 Rad8 25. Qb6 Qxb6 26. cxb6 Nd7 27. Rab1 Nxb6
28. Na4 Nxa4 29. Bxg7 Kxg7 30. Rxb7 Nc5 31. Rb6 Re6 32. Rxe6 fxe6 33. Rc1 Rd5
34. h4 Kf6 35. g3 Ke5 36. Rc4 Kd6 37. Rb4 Kc7 38. Rc4 Kd6 39. Rb4 Rd1 40. Kg2
Kc7 41. Rc4 Kc6 42. Rc2 Kd5 43. Be2 Ra1 44. Rd2+ Ke5 45. Rc2 Kd4 46. Rc4+ Kd5
47. Rc3 Ra2 48. Kf1 a5 49. g4 a4 50. g5 Rb2 51. Ke1 Rb1+ 52. Kd2 Rh1 53. Bc4+
Kd4 54. Ba2 Rd1+ 55. Kxd1 Kxc3 56. Kc1 Nb3+ 0-1

[Event "High League 2019 m"]
[Site "Yaroslavl"]
[Date "2019.06.28"]
[Round "2.4"]
[White "Iljiushenok, Ilia"]
[Black "Grachev, Boris"]
[Result "1/2-1/2"]
[WhiteElo "2549"]
[BlackElo "2621"]
[PlyCount "80"]
[EventDate "2019.??.??"]

1. e4 e5 2. Nf3 Nf6 3. d4 Nxe4 4. Bd3 Nc6 5. d5 Nf6 6. Bg5 Nb4 7. Nxe5 Nxd3+ 8.
Qxd3 Be7 9. Nc3 O-O 10. O-O-O d6 11. Nf3 Bg4 12. Rhe1 Re8 13. h3 Bxf3 14. Qxf3
Nd7 15. Bf4 Nc5 16. Ne4 Nxe4 17. Rxe4 Bf6 18. Rde1 Qd7 19. c3 Rxe4 20. Qxe4 h5
21. Bg3 g6 22. f3 Kf8 23. Bf4 Bg7 24. g4 Re8 25. Qxe8+ Qxe8 26. Rxe8+ Kxe8 27.
c4 Kd7 28. Kc2 c6 29. b3 cxd5 30. cxd5 f5 31. Kd3 fxg4 32. fxg4 hxg4 33. hxg4
a6 34. Kc4 Bf6 35. a4 Bd8 36. b4 Bf6 37. b5 Bd8 38. Be3 Bh4 39. Bf4 Bd8 40. Be3
Bh4 1/2-1/2

[Event "High League 2019 m"]
[Site "Yaroslavl"]
[Date "2019.06.28"]
[Round "2.6"]
[White "Petrov, Nikita"]
[Black "Levin, Evgeny A"]
[Result "1/2-1/2"]
[WhiteElo "2610"]
[BlackElo "2504"]
[PlyCount "54"]
[EventDate "2019.??.??"]

1. d4 Nf6 2. c4 e6 3. Nc3 Bb4 4. Qc2 d5 5. cxd5 Qxd5 6. e3 c5 7. Bd2 Bxc3 8.
bxc3 O-O 9. Nf3 Nbd7 10. c4 Qd6 11. Bc3 b6 12. Bd3 Bb7 13. Ne5 Rfd8 14. Rd1 h6
15. Nxd7 Nxd7 16. d5 Ne5 17. e4 exd5 18. cxd5 Nxd3+ 19. Qxd3 f5 20. f3 fxe4 21.
fxe4 Qf4 22. Qf3 Qh4+ 23. g3 Qh3 24. Qf1 Qh5 25. Qe2 Qh3 26. Qf1 Qh5 27. Qe2
Qh3 1/2-1/2

[Event "High League 2019 m"]
[Site "Yaroslavl"]
[Date "2019.06.28"]
[Round "2.7"]
[White "Bimiev, Ahmad"]
[Black "Timofeev, Artyom"]
[Result "0-1"]
[WhiteElo "2238"]
[BlackElo "2608"]
[PlyCount "74"]
[EventDate "2019.??.??"]

1. c4 Nf6 2. g3 d5 3. Nf3 g6 4. b3 Bg7 5. Bb2 e6 6. Bg2 O-O 7. O-O b6 8. e3 Bb7
9. Qe2 dxc4 10. bxc4 Nbd7 11. Nc3 e5 12. e4 Re8 13. Rfd1 Nc5 14. Nxe5 Rxe5 15.
d4 Rxe4 16. Qc2 Qc8 17. Rac1 Rg4 18. f3 Rg5 19. dxc5 Rxc5 20. Na4 Ra5 21. c5
Qe8 22. c6 Ba6 23. Re1 Qf8 24. Bc3 Rd5 25. f4 Rdd8 26. Qb3 Re8 27. Bb4 Rxe1+
28. Rxe1 Qd8 29. Re7 Qd4+ 30. Kh1 Bc4 31. Qc2 Bd5 32. Bc3 Bxg2+ 33. Kxg2 Qd5+
34. Kh3 Qxc6 35. Qb3 Nd5 36. Bxg7 Nxe7 37. Be5 Qe6+ 0-1

[Event "High League 2019 m"]
[Site "Yaroslavl"]
[Date "2019.06.28"]
[Round "2.8"]
[White "Paravyan, David"]
[Black "Bigaliev, Renat"]
[Result "1-0"]
[WhiteElo "2605"]
[BlackElo "2427"]
[PlyCount "155"]
[EventDate "2019.??.??"]

1. e4 e5 2. Nf3 Nf6 3. Nxe5 d6 4. Nf3 Nxe4 5. Nc3 Nxc3 6. dxc3 Be7 7. Be3 Nc6
8. Qd2 Be6 9. O-O-O Qd7 10. Be2 h6 11. Rhe1 a6 12. h3 O-O-O 13. Kb1 Rhg8 14. a3
Bf6 15. Nd4 Nxd4 16. Bxd4 Bxd4 17. Qxd4 c5 18. Qe3 Qc7 19. c4 Kb8 20. Qe4 Rge8
21. Bf3 Re7 22. Qf4 Bc8 23. Qd2 Rxe1 24. Rxe1 Be6 25. Qc3 Rg8 26. a4 Qd7 27. b3
g5 28. Rd1 Qe7 29. Qd3 Rd8 30. Qh7 Qf6 31. Qe4 Bc8 32. Re1 Qe6 33. Re3 Qxe4 34.
Rxe4 Be6 35. Re3 Re8 36. Bh5 Rf8 37. a5 Kc7 38. Kb2 Kd7 39. Kc3 Rb8 40. Re1 Ke7
41. Bf3 Kd7 42. Rh1 Kc7 43. g3 Rd8 44. h4 g4 45. Bg2 d5 46. Rd1 d4+ 47. Kd2 b6
48. axb6+ Kxb6 49. Re1 Rg8 50. Be4 Kc7 51. Bd3 Kd6 52. Ra1 Bc8 53. c3 dxc3+ 54.
Kxc3 Re8 55. Rd1 Kc7 56. Ra1 Re5 57. b4 cxb4+ 58. Kxb4 Kb6 59. Kc3 f6 60. Kd4
Bb7 61. c5+ Ka7 62. Rb1 Re6 63. Rb4 Bf3 64. Ra4 Kb7 65. Bc4 Re4+ 66. Kc3 Kc7
67. Ra5 Be2 68. Bxa6 f5 69. Kd2 Bxa6 70. Rxa6 f4 71. Rxh6 f3 72. Rg6 Re2+ 73.
Kd3 Rxf2 74. Rxg4 Rg2 75. Ke3 f2 76. Ke2 Kc6 77. Kf1 Rh2 78. Rf4 1-0